<?xml version="1.0" encoding="UTF-8"?>
<record
    xmlns:xsi="http://www.w3.org/2001/XMLSchema-instance"
    xsi:schemaLocation="http://www.loc.gov/MARC21/slim http://www.loc.gov/standards/marcxml/schema/MARC21slim.xsd"
    xmlns="http://www.loc.gov/MARC21/slim">

  <leader>03346nam a22004217a 4500</leader>
  <datafield tag="999" ind1=" " ind2=" ">
    <subfield code="c">21871</subfield>
    <subfield code="d">21871</subfield>
  </datafield>
  <controlfield tag="003">AR-CdUCM</controlfield>
  <controlfield tag="008">190425b           ||||| |||| 00| 0 spa d</controlfield>
  <datafield tag="040" ind1=" " ind2=" ">
    <subfield code="a">MUNICIPALIDAD PROVINCIAL DEL CUSCO</subfield>
    <subfield code="c">BIBLIOTECA MUNICIPAL DEL CUSCO</subfield>
  </datafield>
  <datafield tag="082" ind1=" " ind2=" ">
    <subfield code="a">Rev.DIMA/N&#xB0;23/1984</subfield>
  </datafield>
  <datafield tag="110" ind1=" " ind2=" ">
    <subfield code="a">Instituto y Museo Arqueol&#xF3;gico de la Universidad Nacional del Cuzco</subfield>
    <subfield code="9">46550</subfield>
  </datafield>
  <datafield tag="245" ind1=" " ind2=" ">
    <subfield code="a">Revista del Museo e Instituto Arqueol&#xF3;gico /</subfield>
    <subfield code="c">Universidad Nacional de San Antonio Abad del Cusco</subfield>
  </datafield>
  <datafield tag="260" ind1=" " ind2=" ">
    <subfield code="a">Cusco :</subfield>
    <subfield code="b">Universidad Nacional de San Antonio Abad del Cusco,</subfield>
    <subfield code="c">1984.</subfield>
  </datafield>
  <datafield tag="300" ind1=" " ind2=" ">
    <subfield code="a">318 p&#xE1;ginas. :</subfield>
    <subfield code="b">ilustraciones ;</subfield>
    <subfield code="c">21 cm.</subfield>
  </datafield>
  <datafield tag="440" ind1=" " ind2=" ">
    <subfield code="a">Revista del Museo e Instituto  de Arqueolog&#xED;a.</subfield>
    <subfield code="n">N&#xB0;23, A&#xF1;o 1984.</subfield>
    <subfield code="9">46579</subfield>
  </datafield>
  <datafield tag="505" ind1=" " ind2=" ">
    <subfield code="a">Contenido: Tres nombres, tres signos cusque&#xF1;os. Gustavo P&#xE9;rez Ocampo. -- El taller l&#xED;tico de Tumuku. F&#xE9;lix Palacios R&#xED;os. -- Arquitectura y cer&#xE1;mica Killke del Cusco. Jos&#xE9; A. Gonzales Corrales. -- Arqueolog&#xED;a de Qolqampata. Alfredo Valencia Zegarra. -- Caminos al Antisuyo. Salustio Guti&#xE9;rrez Pareja. -- Establecimiento de la gobernaci&#xF3;n de Vilcabamba de acuerdo a un documento in&#xE9;dito del Siglo XVI. Roberto C&#xE1;ceres Olivera. -- Qeros Cusque&#xF1;os un ensayo de interpretaci&#xF3;n descriptiva de la iconograf&#xED;a Inca contenida en los Qeros o vasos de madera del Cusco. Manuel Ch&#xE1;vez Ball&#xF3;n. -- Retratos coloniales en los incas nobles. John Howland Rowe. -- La concepci&#xF3;n del tiempo y de la historia Inka en la cr&#xF3;nica de Guam&#xE1;n de Guam&#xE1;n Poma de Ayala y su supervivencia actual en la regi&#xF3;n andina. Abd&#xF3;n Yaranga. -- Algunos elementos de an&#xE1;lisis sobre nuestra historia hasta la conquista espa&#xF1;ola. C&#xE9;sar Gonzales Mires. -- El le&#xF3;n y la sierpe una alegor&#xED;a andina del siglo XVIII. David V. de Rojas Silva. -- Los organistas y organeros del Cuzco antiguo. Te&#xF3;filo Benavente. -- La conservaci&#xF3;n del patrimonio monumental a trav&#xE9;s de la historia. Roberto Samanez Argumedo. -- Causas que originaron la actual distribuci&#xF3;n espacial de las alpacas y llamas. Jorge Flores Ochoa. -- La caza en la tecnolog&#xED;a andina. Leandro Zans Cand&#xED;a. -- La coca en las relaciones inter ecol&#xF3;gicas. Jorge S&#xE1;nchez Farf&#xE1;n. -- La extinci&#xF3;n de los Qollanas en el proceso productivo cuzque&#xF1;o. Abraham Valencia Espinoza. -- Los motivos de los tejidos de Q&#xB4;ero la descripci&#xF3;n de los tejidos. Gail P, Silverman Proust. -- Bibliograf&#xED;a ultima relacionada con la tem&#xE1;tica de la revista.</subfield>
  </datafield>
  <datafield tag="650" ind1=" " ind2=" ">
    <subfield code="a">Arquitectura Killke</subfield>
    <subfield code="9">46580</subfield>
  </datafield>
  <datafield tag="650" ind1=" " ind2=" ">
    <subfield code="a">Arqueolog&#xED;a cusque&#xF1;a</subfield>
    <subfield code="9">9322</subfield>
  </datafield>
  <datafield tag="650" ind1=" " ind2=" ">
    <subfield code="a">Qhapaq &#xD1;an</subfield>
    <subfield code="9">45532</subfield>
  </datafield>
  <datafield tag="650" ind1=" " ind2=" ">
    <subfield code="a">Sistema vial andino</subfield>
    <subfield code="9">46581</subfield>
  </datafield>
  <datafield tag="650" ind1=" " ind2=" ">
    <subfield code="a">Orfebrer&#xED;a Inka </subfield>
    <subfield code="9">46582</subfield>
  </datafield>
  <datafield tag="650" ind1=" " ind2=" ">
    <subfield code="a">Historia del Cusco</subfield>
    <subfield code="9">1714</subfield>
  </datafield>
  <datafield tag="650" ind1=" " ind2=" ">
    <subfield code="a">Tecnolog&#xED;a andina</subfield>
    <subfield code="9">10426</subfield>
  </datafield>
  <datafield tag="650" ind1=" " ind2=" ">
    <subfield code="a">Conservaci&#xF3;n del patrimonio</subfield>
    <subfield code="9">46583</subfield>
  </datafield>
  <datafield tag="650" ind1=" " ind2=" ">
    <subfield code="a">Textiler&#xED;a andina</subfield>
    <subfield code="9">8669</subfield>
  </datafield>
  <datafield tag="700" ind1=" " ind2=" ">
    <subfield code="a">P&#xE9;rez Ocampo, Gustavo</subfield>
    <subfield code="9">46584</subfield>
  </datafield>
  <datafield tag="700" ind1=" " ind2=" ">
    <subfield code="a">Palacios R&#xED;os, F&#xE9;lix</subfield>
    <subfield code="9">46585</subfield>
  </datafield>
  <datafield tag="700" ind1=" " ind2=" ">
    <subfield code="a">Gonzales Corrales, Jos&#xE9;</subfield>
    <subfield code="9">46586</subfield>
  </datafield>
  <datafield tag="700" ind1=" " ind2=" ">
    <subfield code="a">C&#xE1;ceres Olivera, Roberto</subfield>
    <subfield code="9">46587</subfield>
  </datafield>
  <datafield tag="700" ind1=" " ind2=" ">
    <subfield code="a">Ch&#xE1;vez Ball&#xF3;n, Manuel</subfield>
    <subfield code="9">45977</subfield>
  </datafield>
  <datafield tag="700" ind1=" " ind2=" ">
    <subfield code="a">Rowe, John</subfield>
    <subfield code="9">46023</subfield>
  </datafield>
  <datafield tag="700" ind1=" " ind2=" ">
    <subfield code="a">Gonzales Mires, C&#xE9;sar</subfield>
    <subfield code="9">1878</subfield>
  </datafield>
  <datafield tag="700" ind1=" " ind2=" ">
    <subfield code="a">Benavente, Te&#xF3;filo</subfield>
    <subfield code="9">46588</subfield>
  </datafield>
  <datafield tag="700" ind1=" " ind2=" ">
    <subfield code="a">Samanez Argumedo, Roberto</subfield>
    <subfield code="9">5654</subfield>
  </datafield>
  <datafield tag="700" ind1=" " ind2=" ">
    <subfield code="a">Valencia Espinoza, Abraham</subfield>
    <subfield code="9">12606</subfield>
  </datafield>
  <datafield tag="710" ind1=" " ind2=" ">
    <subfield code="a">Universidad Nacional de San Antonio Abad del Cusco</subfield>
    <subfield code="9">15942</subfield>
  </datafield>
  <datafield tag="942" ind1=" " ind2=" ">
    <subfield code="2">ddc</subfield>
    <subfield code="c">PP</subfield>
  </datafield>
  <datafield tag="945" ind1=" " ind2=" ">
    <subfield code="a">rac</subfield>
  </datafield>
  <datafield tag="952" ind1=" " ind2=" ">
    <subfield code="0">0</subfield>
    <subfield code="2">ddc</subfield>
    <subfield code="4">0</subfield>
    <subfield code="7">0</subfield>
    <subfield code="a">HEM</subfield>
    <subfield code="b">HEM</subfield>
    <subfield code="c">CART</subfield>
    <subfield code="d">2021-09-01</subfield>
    <subfield code="g">10.00</subfield>
    <subfield code="o">Rev.DIMA/N&#xB0;23/1984</subfield>
    <subfield code="p">REVC000366</subfield>
    <subfield code="r">2021-09-01</subfield>
    <subfield code="y">PP</subfield>
  </datafield>
  <datafield tag="952" ind1=" " ind2=" ">
    <subfield code="0">0</subfield>
    <subfield code="2">ddc</subfield>
    <subfield code="4">0</subfield>
    <subfield code="7">0</subfield>
    <subfield code="a">HEM</subfield>
    <subfield code="b">HEM</subfield>
    <subfield code="c">CART</subfield>
    <subfield code="d">2021-09-01</subfield>
    <subfield code="g">10.00</subfield>
    <subfield code="o">Rev.DIMA/N&#xB0;23/1984/e.2</subfield>
    <subfield code="p">REVC000367</subfield>
    <subfield code="r">2021-09-01</subfield>
    <subfield code="y">PP</subfield>
  </datafield>
  <datafield tag="952" ind1=" " ind2=" ">
    <subfield code="0">0</subfield>
    <subfield code="2">ddc</subfield>
    <subfield code="4">0</subfield>
    <subfield code="7">0</subfield>
    <subfield code="a">HEM</subfield>
    <subfield code="b">HEM</subfield>
    <subfield code="c">CART</subfield>
    <subfield code="d">2021-09-01</subfield>
    <subfield code="g">10.00</subfield>
    <subfield code="o">Rev.DIMA/N&#xB0;23/1984/e.3</subfield>
    <subfield code="p">REVC000368</subfield>
    <subfield code="r">2021-09-01</subfield>
    <subfield code="y">PP</subfield>
  </datafield>
  <datafield tag="952" ind1=" " ind2=" ">
    <subfield code="0">0</subfield>
    <subfield code="2">ddc</subfield>
    <subfield code="4">0</subfield>
    <subfield code="7">0</subfield>
    <subfield code="a">HEM</subfield>
    <subfield code="b">HEM</subfield>
    <subfield code="c">CART</subfield>
    <subfield code="d">2021-09-01</subfield>
    <subfield code="g">10.00</subfield>
    <subfield code="o">Rev.DIMA/N&#xB0;23/1984/e.4</subfield>
    <subfield code="p">REVC000369</subfield>
    <subfield code="r">2021-09-01</subfield>
    <subfield code="y">PP</subfield>
  </datafield>
  <datafield tag="952" ind1=" " ind2=" ">
    <subfield code="0">0</subfield>
    <subfield code="2">ddc</subfield>
    <subfield code="4">0</subfield>
    <subfield code="7">0</subfield>
    <subfield code="a">HEM</subfield>
    <subfield code="b">HEM</subfield>
    <subfield code="c">CART</subfield>
    <subfield code="d">2021-09-01</subfield>
    <subfield code="g">10.00</subfield>
    <subfield code="o">Rev.DIMA/N&#xB0;23/1984/e.5</subfield>
    <subfield code="p">REVC000370</subfield>
    <subfield code="r">2021-09-01</subfield>
    <subfield code="y">PP</subfield>
  </datafield>
  <datafield tag="952" ind1=" " ind2=" ">
    <subfield code="0">0</subfield>
    <subfield code="2">ddc</subfield>
    <subfield code="4">0</subfield>
    <subfield code="7">0</subfield>
    <subfield code="a">HEM</subfield>
    <subfield code="b">HEM</subfield>
    <subfield code="c">CART</subfield>
    <subfield code="d">2021-09-01</subfield>
    <subfield code="g">10.00</subfield>
    <subfield code="o">Rev.DIMA/N&#xB0;23/1984/e.6</subfield>
    <subfield code="p">REVC000371</subfield>
    <subfield code="r">2021-09-01</subfield>
    <subfield code="y">PP</subfield>
  </datafield>
</record>
